000 00543nmm a2200169Ia 4500
008 251105s9999||||xx |||||||||||||||||und||
020 _a8497423488
041 _aspa
100 _aEsteban Azurmendi, Iñaki
245 0 _aLibertad y sentido en las sociedades democráticas :
_b Habermas frente a Weber
264 _a[Madrid, España] :
_bBiblioteca Nueva,
_c2005
300 _a219 páginas
490 _aEnsayo Pensamiento
650 _aPolitical Science (General)
856 _uhttps://public.digitaliapublishing.com/a/5156
942 _cCF
999 _c74148
_d74148